000 00514nam a2200181Ia 4500
001 7727
005 20260306160516.0
008 260306t2018||||xx |||||||||||||| ||spa||
041 _aESP
082 _a355.07
_bB15
100 _aBaeza Freer, Jaime
_eAUT
245 0 _aEl nuevo rol de las fuerzas armadas en Bolivia, Brasil, Chile, Colombia, Ecuador y Perú:
_bred de política de seguridad
260 _c2018
300 _a198 páginas :
_c24 cm.
650 _aGEN
654 _aCHU
942 _cLIB
_dJUS
_fJUS
_2ddc
_n
999 _c7727
_d7727